01245nam a2200193Ia 4500001001100000003001000011008004100021040002500062041001300087100004500100245011500145250001100260260008700271300001200358500026200370501011400632520026200746650004301008A085-34662IT-CnALBA170116s9999||||xx |||||||||||||| ||und|| aIT-CnALBAcIT-CnALBA aITALIANO aBOSSUET JACQUES-BENIGNE VESCOVO DI MEAUX 0aOPERE DI BOSSUET. MEDITAZIONI SOPRA LA REMISSIONE DEI PECCATI NEL TEMPO DEL GIUBILEO E SULLE... TOMO XXXVIII.  a1a ed. a VENEZIAbZERLETTI PIETRO (PRESSO) c1798 [1° Ed.:1798 - Ed.Ling.Originale: 1798] a295 p.  a... E SULLE INDULGENZE TRATTE DAL CONCILIO DI TRENTO. LA MISERICORDIA DI DIO. RIGORE DELLA CHIESA E CONCILIO DI TRENTO. L'INDULGENZA DELLA CHIESA. ESEMPIO DI PIETRO E PAOLO. I MARTIRI. ISTRUZIONE PER IL GIUBILEO. DISCORSO SULLA VITA DI UMILTÀ. ABBANDONO D aSocietà San Paolo EM - Piazza San Paolo, 14 - 12051 ALBA (CN) (non commercial uses only) ® Copyright 2017 a... E SULLE INDULGENZE TRATTE DAL CONCILIO DI TRENTO. LA MISERICORDIA DI DIO. RIGORE DELLA CHIESA E CONCILIO DI TRENTO. L'INDULGENZA DELLA CHIESA. ESEMPIO DI PIETRO E PAOLO. I MARTIRI. ISTRUZIONE PER IL GIUBILEO. DISCORSO SULLA VITA DI UMILTÀ. ABBANDONO D aRACCOLTE DI CARATTERE GEN. IN ITALIANO